| 000 | 01727nam a22003137a 4500 | ||
|---|---|---|---|
| 999 |
_c20909 _d20909 |
||
| 005 | 20200311060440.0 | ||
| 008 | 200311b xxu||||| |||| 00| 0 spa d | ||
| 020 | _a9789588901855 | ||
| 040 |
_aCO-BoIAVH _cCO-BoIAVH |
||
| 041 | _aspa | ||
| 044 | _ack | ||
| 082 |
_a363.7 _bM66c |
||
| 110 | _aMinisterio de Ambiente y Desarrollo Sostenible. | ||
| 245 |
_aCompensaciones del componente biótico _bCaja de herramientas para su gestión _cMinisterio de Ambiente y desarrollo sostenible, colaboradores The Nature Conservancy y Fundación Santo Domingo |
||
| 260 |
_aBogotá: _bMinisterio de Ambiente y Desarrollo Sostenible, _c2018. |
||
| 300 |
_a61 , 35 , 16 y 20 páginas _bFotografías, ilustraciones, gráficos a color. _c30.5 x 26 cm |
||
| 504 | _aLos cuatro libros contienen referencias bibliográficas. | ||
| 505 | _aLa obra está divida en cuatro partes cada uno en un libro diferente. Primer libro: Manual de compensaciones del componente biótico.(Libro azul) Segundo libro: Bancos de hábitat. Mecanismo para la implementación de compensaciones bióticas. (Libro amarillo) Tercer libro: Bosques de paz. Mecanismos para la implementación de compensaciones. (Libro morado) Cuarto libro: La restauración como acción de compensación para proyectos licenciables. (Libro verde) | ||
| 650 | 0 | _aCompensación ambiental | |
| 650 | 0 | _aReservas forestales | |
| 650 | 0 | _aImpacto ambiental | |
| 650 | 0 | _aFauna y Flora | |
| 650 | 0 | _aCobertura vegetal | |
| 650 | 0 | _aRestauración de ecosistemas | |
| 650 | 0 | _aPaisaje | |
| 710 |
_aThe Nature Conservancy _eColaborador |
||
| 710 | _aFundación Mario Santo Domingo | ||
| 942 |
_2ddc _cLIBRO |
||